000 00488nam a2200193Ia 4500
005 20250117001540.0
008 240331s9999 xx 000 0 und d
020 _a0415159814
082 _bWHO
_a920
245 0 _aWho's who in contemporary women's writing
260 _aLondon And New York
_bRoutledge
_c2001
300 _aXXI, 385 p .,
650 _aWomen Studies
650 _aLiterature
650 _aHistory
650 _aPolitics
700 _aMiller, J.E.
_eedt
942 _cL
999 _c4452
_d4452